Newcastle United Squad 2020-2021 - Statistics

General Stats
  • This quiz has been taken 42 times
    32 since last reset
  • The average score is 22 of 31
Answer Stats
# Position Nation Player % Correct
1 GK Slovakia Martin Dúbravka
100%
9 FW Brazil Joelinton
96%
10 FW France Allan Saint-Maximin
92%
5 DF Switzerland Fabian Schär
92%
22 DF United States DeAndre Yedlin
88%
24 MF Paraguay Miguel Almirón
88%
6 DF England Jamaal Lascelles
84%
8 MF England Jonjo Shelvey
84%
3 DF Wales Paul Dummett
84%
17 DF Sweden Emil Krafth
80%
4 MF England Matthew Longstaff
80%
11 DF Scotland Matt Ritchie
80%
36 MF England Sean Longstaff
80%
13 FW England Callum Wilson
76%
2 DF Ireland Ciaran Clark
76%
- Coach England Steve Bruce
76%
18 DF Argentina Federico Fernández
72%
28 MF England Joe Willock
72%
26 GK England Karl Darlow
72%
21 FW Scotland Ryan Fraser
72%
19 DF Spain Javier Manquillo
68%
30 FW Ghana Christian Atsu
64%
16 MF Ireland Jeff Hendrick
64%
12 FW England Dwight Gayle
60%
14 MF England Isaac Hayden
56%
23 FW England Jacob Murphy
56%
15 DF Northern Ireland Jamal Lewis
56%
28 MF Senegal Henri Saivet
44%
7 FW England Andy Carroll
36%
29 GK England Mark Gillespie
32%
42 DF Morocco Achraf Lazaar
24%
No matching quizzes found
Score Distribution
Percent of People with Each Score
Percentile by Number Answered
Your Score History
You have not taken this quiz since the last reset